Justiniano y su época / (Record no. 147568)

MARC details
000 -LEADER
campo de control de longitud fija 00842nam a2200253 i 4500
001 - NÚMERO DE CONTROL
campo de control 147568
003 - IDENTIFICADOR DE NÚMERO DE CONTROL
campo de control ES-MaACL
005 - FECHA Y HORA DE LA ÚLTIMA TRANSACCIÓN
campo de control 20230906202111.0
007 - CAMPO FIJO DE DESCRIPCIÓN FÍSICA--INFORMACIÓN GENERAL
campo de control de longitud fija t|
008 - DATOS DE LONGITUD FIJA--INFORMACIÓN GENERAL
campo de control de longitud fija 071003s1963 sp ||||1| spa d
080 ## - NÚMERO DE LA CLASIFICACIÓN DECIMAL UNIVERSAL
Número de la Clasificación Decimal Universal 949.502"0527/65"
080 ## - NÚMERO DE LA CLASIFICACIÓN DECIMAL UNIVERSAL
Número de la Clasificación Decimal Universal 92(Justiniano (495.02)I)
100 1# - ENTRADA PRINCIPAL--NOMBRE DE PERSONA
Nombre de persona Ure, Percy Neville.
9 (RLIN) 112121
245 10 - MENCIÓN DEL TÍTULO
Título Justiniano y su época /
Mención de responsabilidad, etc. Percy Neville Ure ; traducción de Pablo Sela Hoffman.
260 ## - PUBLICACIÓN, DISTRIBUCIÓN, ETC.
Lugar de publicación, distribución, etc. Madrid :
Nombre del editor, distribuidor, etc. Revista de Derecho Privado,
Fecha de publicación, distribución, etc. [1963]
300 ## - DESCRIPCIÓN FÍSICA
Extensión VIII, 319 p. con 1 map. ;
Dimensiones 19 cm.
490 1# - MENCIÓN DE SERIE
Mención de serie Biografías
600 14 - PUNTO DE ACCESO ADICIONAL DE MATERIA--NOMBRE DE PERSONA
Nombre de persona Justiniano
Numeración I
Títulos y otros términos asociados al nombre Emperador de Oriente.
9 (RLIN) 67359
651 #4 - PUNTO DE ACCESO ADICIONAL DE MATERIA--NOMBRE GEOGRÁFICO
Nombre geográfico Imperio bizantino-
Subdivisión general Historia-
Subdivisión cronológica 527-565 (Justiniano I)
9 (RLIN) 8835
700 1# - ENTRADA AGREGADA--NOMBRE PERSONAL
Nombre de persona Sela Hoffman, Pablo.
9 (RLIN) 105286
830 0# - PUNTO DE ACCESO ADICIONAL DE SERIE-TÍTULO UNIFORME
Título uniforme Biografías
9 (RLIN) 180531
852 ## - LOCALIZACIÓN
Ubicación ES-MaACL
Número de control de estantería C-23406
Sublocalización o colección R.51949
Holdings
Estatus retirado Estado de pérdida Estado de daño No para préstamo Biblioteca de origen Biblioteca actual Ubicación en estantería Fecha de adquisición Fuente de adquisición Total de préstamos Signatura topográfica completa Código de barras Visto por última vez Precio de reemplazo Tipo de ítem Koha
        Biblioteca del Ateneo de Madrid Biblioteca del Ateneo de Madrid Depósito 2 17/01/2008     C-23406 1154001 23/02/2023 23/02/2023 Libro impreso